000 00479nam a2200181 i 4500
001 bgj
245 1 0 _aAus Minnesangs Frühling /
_causgewahlt und erklärt von Carl von Kraus.
260 _aLeipzig :
_bIm Insel-Verlag,
_c1948
300 _a71 s. ;
_c18 cm.
650 9 _aLiteratura niemiecka
_xpoezja
700 1 _aKRAUS, Carl von.
040 _cBPK
041 0 _ager
044 _aDEU
080 _a821.112.2-1
942 _cKS
008 s gw f |000 0 ger
999 _c50972
_d50972
856 _uhttp://koha.tu.koszalin.pl/cgi-bin/koha/opac-detail.pl?biblionumber=50972
_yKatalog online BPK